000 01478nam a2200217Ia 4500
999 _c38043
_d38043
003 OSt
005 20210301102537.0
008 160316s2008 xxu||||| |||| 00| 0 eng d
020 _a9780300151152
040 _cn
082 _a333.700000
_bSPE
100 _aSpeth James Gustave
245 _aThe bridge at the edge of the World : Capitalism, the environment and crossing from crisis to sustainability
260 _aLondon
_bNew Haven
_c2008
300 _a295p
365 _b Gratis
505 _aContents Preface ix; Acknowledgments xviii; Introduction: Between Two Worlds 1; Part One. System Failure; 1. Looking into the Abyss 17; 2. Modern Capitalism: Out of Control 46; 3. The Limits of Today’s Environmentalism 67; Part Two. The Great Transformation; 4. The Market: Making It Work for the Environment 89; 5. Economic Growth: Moving to a Post-Growth Society 107; 6. Real Growth: Promoting the Well-Being of People; and Nature 126; 7. Consumption: Living with Enough, Not Always More 147; 8. The Corporation: Changing the Fundamental Dynamics 165; 9. Capitalism’s Core: Advancing beyond Today’s Capitalism 183; Part Three. Seedbeds of Transformation; 10. A New Consciousness 199; 11. A New Politics 217; 12. The Bridge at the Edge of the World 233; Notes 239; Index 281
650 _a1. Capitalism - Envrionmental Economics 2. Capitalism - Environmental Aspects3. Environmental Policy
700 _a
_a
942 _2ddc
_cBK